000
00282nam a22001337a 4500
008
260427b ||||| |||| 00| 0 eng d
020
_a
9789951565455
041
_a
Shqip
080
_a
821.18
100
_a
20
101
_a
Dramë
245
_a
Nita
_c
Josip Rela
942
_2
udc
_c
BK
999
_c
61000
_d
61000